Statystyki dla Państwa w Afryce przed II wojną światową

Kliknij tutaj aby rozwiązać quiz!

Ogólne statystyki

  • Ten quiz został rozwiązany 597 razy
  • Średni wynik to 8 z 9

Statystyki odpowiedzi

StolicaNazwa państwa% Poprawnych
EuropaFrancja
97%
EuropaWielka Brytania
97%
EuropaHiszpania
94%
EuropaPortugalia
92%
EuropaWłochy
92%
AfrykaEtiopia
86%
EuropaBelgia
85%
AfrykaRepublika Południowej Afryki ( RPA )
81%
AfrykaLiberia
73%

Rozkład punktacji

Percentyl według liczby udzielonych odpowiedzi

Procent ludzi z każdym wynikiem

Twoja historia wyników

Nie rozwiązałeś tego quizu